Culture précise - Saint Louis et la Huitième croisade - Statistiques

Statistiques générales
  • Ce quiz a été pris 25 fois
  • Le résultat moyen est 6 sur 10
Statistiques - réponses
Hint Réponse % Correct
A quelle dynastie appartient il ? Les Capétiens
80%
Quel lien entretient il avec Philippe IV le Bel ? Grand père
68%
Quelle relique ramène t-il de Jérusalem à Paris ? La couronne d'épine
64%
Qui était la mère de Saint Louis ? Blanche de Castille
60%
Sur quelle île le bâtiment sacré se trouve-t-il ? Ile de la cité
60%
Quelle chapelle fait-il construire pour l'accueillir ? La Sainte Chapelle
60%
Combien d'enfants a-t-il eu avec Marguerite de Provence ? 11
52%
Où est-il mort ? En Tunisie
48%
Sous quel arbre il aurait rendu justice ? Un chêne
48%
Quel monnaie Louis IX créa ? L'écu
40%
Aucun quiz correspondant
Distribution des résultats
% des personnes avec chaque résultat
Percentile par nombre de réponses
Votre historique - résultats
Vous n’avez pas pris ce quiz